000 00428nam a22001697a 4500
005 20180519130527.0
008 170406b xxu||||| |||| 00| 0 eng d
020 _a978-0-07-060502-2
041 _aeng
082 _a512.5
100 _aLIPCHUTZ, SEYMOUR AND LIPSON, MARC LARS
_93827
245 _aLINEAR ALGEBRA
250 _a3RD, 2005
260 _aCHENNAI
_bMC GRAW HILL EDUCATION PVT
_c2001
300 _a424
942 _cBK
999 _c5423
_d5421